000 00329nam a22001337a 4500
008 170522b xxu||||| |||| 00| 0 eng d
020 _a9780618914944
041 _aeng
080 _23RD
_a94(100)
100 _a16
101 _aSHH
245 _aA BRIEF HISTORY OF CHINESE AND JAPANESE CIVILIZATIONS
_cBROWN,M
942 _2udc
_cBK
999 _c13695
_d13695